000
00321nam a22001337a 4500
008
171023b xxu||||| |||| 00| 0 eng d
020
_a
9780024068316
041
_a
eng
080
_a
338
100
_a
54
101
_a
MO
245
_a
PLANT AND SERVICE TOURS IN OPERATIONS MANAGEMENT
_c
SCHMENNER, R.W
942
_2
udc
_c
BK
999
_c
35440
_d
35440